Operating systems (Record no. 174702)

MARC details
000 -LEADER
fixed length control field 00379nam a2200157Ia 4500
008 - FIXED-LENGTH DATA ELEMENTS--GENERAL INFORMATION
fixed length control field 231217s9999 xx 000 0 und d
041 ## - LANGUAGE CODE
Language code of text/sound track or separate title English
082 ## - DEWEY DECIMAL CLASSIFICATION NUMBER
Classification number 001.642 BAL;1 R
100 ## - MAIN ENTRY--PERSONAL NAME
Personal name Balakrishna Prasad, P
245 #0 - TITLE STATEMENT
Title Operating systems
250 ## - EDITION STATEMENT
Edition statement 2nd ed.
260 ## - PUBLICATION, DISTRIBUTION, ETC.
Date of publication, distribution, etc. 2004
Name of publisher, distributor, etc. Scientech
Place of publication, distribution, etc. Chennai
300 ## - PHYSICAL DESCRIPTION
Extent 8.18
650 ## - SUBJECT ADDED ENTRY--TOPICAL TERM
Topical term or geographic name entry element Operating,systems
942 ## - ADDED ENTRY ELEMENTS (KOHA)
Koha item type Books
Holdings
Date last seen Total checkouts Full call number Accession number Cost, total (INR) price Price effective from Category Lost status Damaged status Department Withdrawn status Home library Current library Shelving location Entry date Vendor Cost, normal purchase price Grants Billnumber Billdate Currency symbol Conversion rate Discount Old discount
26/01/2024   001.642 BAL;1 R 34336 152.00 26/01/2024 Books     Central Library   Central Library Central Library Central Library 17/05/2005 Sai Books 190.00 IS 2005/INV/000034 30/12/2016 RS 1 38 20
26/01/2024   001.642 BAL;2 R1 34337 152.00 26/01/2024 Books     Central Library   Central Library Central Library Library Annex 17/05/2005 Sai Books 190.00 IS 2005/INV/000034 08/09/2012 RS 1 38 20
26/01/2024   001.642 BAL;3 34338 152.00 26/01/2024 Books     Central Library   Central Library Central Library Central Library 17/05/2005 Sai Books 190.00 IS 2005/INV/000034 14/05/2018 RS 1 38 20

© For any Suggestions or Query, please contact the library staff @ librarian@pes.edu or Phone: +9180 2672 1983/ 2108.